|
|
|
|
| LEADER |
00000cam a2200000 7i4500 |
| 001 |
0000303180 |
| 005 |
20230109164316.0 |
| 006 |
ao ###e ### 001 0 |
| 007 |
t |
| 008 |
220822s2022 my o e 0010 may d |
| 020 |
|
|
|a 9789672817710
|
| 040 |
|
|
|a MBPJ
|b eng
|c MBPJ
|e rda
|
| 090 |
0 |
0 |
|a 928.9923
|b KHA
|
| 245 |
0 |
0 |
|a TUN SYED NASIR :
|b Patriot Bangsa Berdedikasi
|c Khairul Azman Mohd Suhaimi, Mohd Halim Irwan Ibrahim, Zamri Noranai [and 2 others]
|
| 264 |
|
1 |
|a Batu Pahat, Johor :
|b Penerbit UTHM
|c 2022
|
| 300 |
|
|
|a xxiv, 124 pages :
|b black and white photographs ;
|c 23 cm.
|
| 336 |
|
|
|a still image
|2 rdacontent
|
| 336 |
|
|
|a text
|2 rdacontent
|
| 337 |
|
|
|a unmediated
|2 rdamedia
|
| 338 |
|
|
|a volume
|2 rdacarrier
|
| 500 |
|
|
|a Includes index
|
| 600 |
0 |
0 |
|a Syed Nasir Ismail ,
|c Tun ,
|d 1921-1982
|
| 650 |
|
0 |
|a Authors, Malay
|z Malaysia
|x Biography
|
| 650 |
|
0 |
|a Government publications
|z Malaysia
|
| 650 |
|
0 |
|a Politicians
|z Malaysia
|v Biography
|
| 700 |
0 |
|
|a Asri Selamat ,
|e author
|
| 700 |
0 |
|
|a Mohd. Halim Irwan Ibrahim ,
|e author
|
| 700 |
0 |
|
|a Shakila Ahmad ,
|e author
|
| 700 |
0 |
|
|a Zamri Noranai ,
|e author
|
| 999 |
|
|
|a 00401935
|b BUKU
|c PINJAMAN
|e PERPUSTAKAAN KOMUNITI PETALING JAYA
|